| 000 | 00386nam a2200157Ia 4500 | ||
|---|---|---|---|
| 008 | 210716s2000 xx 000 0 und d | ||
| 020 | _a0130841293 | ||
| 041 | _aeng | ||
| 082 | _a658.8342 SCHL | ||
| 100 | _aChandra, Prasanna. | ||
| 245 | _aConsumer behavior. | ||
| 250 | _a3 | ||
| 260 |
_aNew Jersey _bPrentice Hall India _c2000 |
||
| 300 | _axv,484 | ||
| 650 | _aConsumer Behavior | ||
| 999 |
_c200662 _d200662 |
||